000 00633nam a22002417a 4500
003 UA-OsUOA
001 66087
007 ta
008 20091218b un ||||| |||| 00| 0 ukr d
100 _aЛевицькі Г.,
090 _a82-97
_bЛ37
942 _cBK
040 _aUA-OsUOA
_bukr
_cUA-OsUOA
_dUA-OsUOA
245 _aПодвижник
_bПовість-хроніка
300 _a300 с.
955 _a2
041 _aukr
080 _a82-97
020 _a978-966-8767-57-9
260 _aК.
_bПульсари
_c2007
650 7 _a82 Література. Літературознавство
_2UDC
999 _c351871
_d351871